[Event "Pennant-chT"]
[Site "Adelaide"]
[Date "2010.09.28"]
[Round "3.4"]
[White "Atrens, Karlis"]
[Black "Lidums, Aivars"]
[Result "0-1"]
[WhiteElo "1143"]
[BlackElo "1562"]
[PlyCount "102"]
[EventDate "2010.09.14"]
[EventType "team-tourn"]
[EventRounds "7"]
[EventCountry "AUS"]
[SourceTitle "EXT 2023"]
[Source "ChessBase"]
[SourceDate "2022.10.05"]
[SourceVersion "1"]
[SourceVersionDate "2022.10.05"]
[SourceQuality "1"]

1. c4 c5 2. g3 g6 3. Bg2 Bg7 4. Nf3 Nc6 5. Qb3 Nf6 6. Nc3 0-0 7. 0-0 Rb8 8. d3 d6 9. h3 Bd7 10. Be3 Na5 11. Qc2 a6 12. Rad1 b5 13. b3 Nc6 14. Kh2 Re8 15. Qc1 Nb4 16. d4 cxd4 17. Nxd4 e5 18. Nf3 bxc4 19. bxc4 Qc7 20. a3 Nc6 21. c5 dxc5 22. Bxc5 Rb7 23. Bd6 Qa5 24. Nd2 Bh6 25. e3 Re6 26. Bb4 Qd8 27. Nc4 Bf8 28. Na5 Nxa5 29. Bxa5 Qxa5 30. Bxb7 Bc6 31. Bc8 Re8 32. Bg4 Nxg4+ 33. hxg4 Bf3 34. Rd7 Rc8 35. Qd2 Qxc3 36. Qa2 Qc4 37. Qxc4 Rxc4 38. g5 Rc2 39. Kg1 Bg4 40. Ra7 Kg7 41. Rb1 Bxa3 42. Rbb7 Be6 43. Rb8 Rc1+ 44. Kh2 h6 45. gxh6+ Kxh6 46. Rxa6 Be7 47. Ra7 Bf6 48. Ra4 Rc2 49. Kg1 Bd5 50. Rb6 Rc1+ 51. Kh2 Rh1# 0-1

[Event "Pennant-chT"]
[Site "Adelaide"]
[Date "2010.09.14"]
[Round "1.4"]
[White "Perinovic, Mladen"]
[Black "Lidums, Aivars"]
[Result "0-1"]
[WhiteElo "1522"]
[BlackElo "1562"]
[PlyCount "77"]
[EventDate "2010.09.14"]
[EventType "team-tourn"]
[EventRounds "7"]
[EventCountry "AUS"]
[SourceTitle "EXT 2023"]
[Source "ChessBase"]
[SourceDate "2022.10.05"]
[SourceVersion "1"]
[SourceVersionDate "2022.10.05"]
[SourceQuality "1"]

1. d4 Nf6 2. c4 e6 3. Nf3 d5 4. e3 Nbd7 5. Nc3 Be7 6. Bd3 dxc4 7. Bxc4 0-0 8. 0-0 Nb6 9. Bd3 Bd7 10. Re1 c5 11. Ne5 Rc8 12. Bd2 Be8 13. Nf3 a6 14. Rc1 c4 15. Bc2 Nbd5 16. e4 Nxc3 17. bxc3 h6 18. Qe2 Qa5 19. Bb1 Ba3 20. Rc2 Ba4 21. Bxh6 gxh6 22. e5 Nh7 23. Qe3 Bxc2 24. Bxc2 Kg7 25. Qe4 Rh8 26. Rd1 b5 27. d5 Rcd8 28. d6 Rd7 29. h4 Qxc3 30. Bb1 f5 31. exf6+ Qxf6 32. Ne5 Rxd6 33. Qb7+ Kg8 34. Qc8+ Nf8 35. Rxd6 Bxd6 36. Ng6 Bc5 37. Qxc5 Nxg6 38. Qc8+ Kg7 39. h5 0-1

[Event "Adelaide Interclub-A"]
[Site "Adelaide"]
[Date "2010.06.15"]
[Round "7.4"]
[White "Lidums, Aivars"]
[Black "Lozic, Anto"]
[Result "0-1"]
[WhiteElo "1571"]
[BlackElo "1339"]
[PlyCount "109"]
[EventDate "2010.05.04"]
[EventType "team-tourn"]
[EventRounds "9"]
[EventCountry "AUS"]
[SourceTitle "EXT 2023"]
[Source "ChessBase"]
[SourceDate "2022.10.05"]
[SourceVersion "1"]
[SourceVersionDate "2022.10.05"]
[SourceQuality "1"]

1. c4 e5 2. Nc3 Nf6 3. g3 Bc5 4. e3 c6 5. Nge2 0-0 6. Bg2 a5 7. 0-0 d6 8. d4 exd4 9. exd4 Bb6 10. Be3 Bg4 11. Qb3 Nbd7 12. Rfe1 Be6 13. Nf4 Rb8 14. Rac1 Re8 15. Nce2 Ng4 16. h3 Nxe3 17. fxe3 Qg5 18. Kh2 Bc7 19. Nxe6 Rxe6 20. Nf4 Re7 21. Qc2 Nf6 22. Bf3 Rbe8 23. Qf2 Ne4 24. Bxe4 Rxe4 25. Re2 d5 26. cxd5 Bxf4 27. gxf4 Qxd5 28. b3 b6 29. Qg3 g6 30. Kg1 Rxd4 31. Kf2 Rde4 32. Rcc2 c5 33. Red2 Qe6 34. Re2 Kg7 35. h4 Qf5 36. Rc1 b5 37. Rh1 h5 38. Qg1 c4 39. Qa1+ Qf6 40. bxc4 Rxc4 41. Qb1 b4 42. Qd3 Rc3 43. Qd5 Ra3 44. Qc4 Rd8 45. Rh3 Rdd3 46. Qc2 Qa1 47. Rh2 Rdc3 48. Qd2 Rc1 49. Qd4+ Qxd4 50. exd4 Ra1 51. d5 R1xa2 52. Ke1 Ra1+ 53. Kd2 R1a2+ 54. Ke1 Rxe2+ 55. Rxe2 0-1

[Event "Adelaide Interclub-A"]
[Site "Adelaide"]
[Date "2010.06.08"]
[Round "6.4"]
[White "Shohani, Ammar"]
[Black "Lidums, Aivars"]
[Result "0-1"]
[WhiteElo "1516"]
[BlackElo "1571"]
[PlyCount "105"]
[EventDate "2010.05.04"]
[EventType "team-tourn"]
[EventRounds "9"]
[EventCountry "AUS"]
[SourceTitle "EXT 2023"]
[Source "ChessBase"]
[SourceDate "2022.10.05"]
[SourceVersion "1"]
[SourceVersionDate "2022.10.05"]
[SourceQuality "1"]

1. e4 c5 2. c4 Nc6 3. Nc3 g6 4. d3 Bg7 5. f4 d6 6. Nf3 a6 7. Be2 Rb8 8. 0-0 e6 9. g4 Nge7 10. a3 0-0 11. Qe1 f6 12. Qh4 d5 13. cxd5 exd5 14. f5 b5 15. exd5 Nxd5 16. fxg6 hxg6 17. Ne4 Bxg4 18. Qxg4 f5 19. Qxg6 Nde7 20. Qe6+ Kh8 21. Neg5 Qe8 22. Bf4 Rd8 23. Be5 Rd5 24. Bxg7+ Kxg7 25. Qe3 Rf6 26. Ne6+ Kh8 27. Nc7 Qg8+ 28. Kh1 f4 29. Qf2 Rh5 30. Nxa6 Nf5 31. Rg1 Ng3+ 32. Rxg3 fxg3 33. Qg2 Nd4 34. h3 Rxa6 35. Nxd4 Re5 36. Nf3 Re3 37. Rf1 Rae6 38. Bd1 Rxd3 39. Bc2 Rde3 40. Bf5 Re7 41. Bg4 Re2 42. Qxg3 Rxb2 43. Qh4+ Qh7 44. Qf6+ Qg7 45. Qh4+ Qh7 46. Qg5 Rg7 47. Qf6 Rb3 48. Ng5 Qg6 49. Qf8+ Rg8 50. Nf7+ Kh7 51. Ng5+ Qxg5 52. Qf5+ Qxf5 53. Rxf5 0-1

[Event "Adelaide Interclub-A"]
[Site "Adelaide"]
[Date "2010.05.18"]
[Round "3.4"]
[White "Staak, Eric"]
[Black "Lidums, Aivars"]
[Result "0-1"]
[WhiteElo "1502"]
[BlackElo "1571"]
[PlyCount "152"]
[EventDate "2010.05.04"]
[EventType "team-tourn"]
[EventRounds "9"]
[EventCountry "AUS"]
[SourceTitle "EXT 2023"]
[Source "ChessBase"]
[SourceDate "2022.10.05"]
[SourceVersion "1"]
[SourceVersionDate "2022.10.05"]
[SourceQuality "1"]

1. e4 c5 2. Nf3 e6 3. d4 cxd4 4. Nxd4 a6 5. c4 Nc6 6. Nc3 Qc7 7. Be3 d6 8. Be2 Be7 9. 0-0 Bd7 10. Rc1 Nf6 11. f3 0-0 12. Nd5 Qd8 13. Nxe7+ Qxe7 14. Bg5 Rfd8 15. f4 h6 16. Bh4 e5 17. fxe5 dxe5 18. Bxf6 gxf6 19. Nf3 Kh7 20. Qe1 Rg8 21. Kh1 Bg4 22. Rc3 Rad8 23. Qh4 Be6 24. h3 Rg7 25. Kh2 Rdg8 26. Ne1 Nd4 27. Bf3 Rg5 28. Qf2 Qb4 29. g4 Bxc4 30. Rg1 b5 31. a3 Qe7 32. Nc2 Rd8 33. Ne3 Be6 34. Rf1 Nxf3+ 35. Qxf3 Rd2+ 36. Kh1 Rg8 37. Qxf6 Qxf6 38. Rxf6 Kg7 39. Rf1 Rxb2 40. Rc6 Rd8 41. Nf5+ Bxf5 42. gxf5 Rdd2 43. Rg1+ Kh7 44. Rgc1 Rh2+ 45. Kg1 Rxh3 46. Rc7 Kg7 47. Re7 Kf6 48. Rcc7 Rxa3 49. Rxf7+ Kg5 50. Rg7+ Kf4 51. Rc1 Kxe4 52. f6 Rf3 53. Re1+ Kd5 54. Rf1 Rxf1+ 55. Kxf1 Ke6 56. f7 Ke7 57. Rh7 a5 58. f8Q+ Kxf8 59. Rxh6 b4 60. Rc6 a4 61. Ra6 e4 62. Ke1 e3 63. Kd1 Rb3 64. Kc2 Ke7 65. Kd1 a3 66. Ke1 Kd7 67. Ke2 Rc3 68. Ra5 Kd6 69. Ra8 Kd5 70. Ke1 Kc4 71. Ra7 Kb3 72. Ra6 Kb2 73. Rf6 a2 74. Rf2+ exf2+ 75. Ke2 f1Q+ 76. Kd2 Rd3# 0-1

[Event "Pennant-chT"]
[Site "Adelaide"]
[Date "2009.10.06"]
[Round "4.3"]
[White "Lidums, Aivars"]
[Black "Anderson Smith, William T"]
[Result "1-0"]
[WhiteElo "1593"]
[BlackElo "1585"]
[PlyCount "100"]
[EventDate "2009.09.15"]
[EventType "team-tourn"]
[EventRounds "7"]
[EventCountry "AUS"]
[SourceTitle "EXT 2023"]
[Source "ChessBase"]
[SourceDate "2022.10.05"]
[SourceVersion "1"]
[SourceVersionDate "2022.10.05"]
[SourceQuality "1"]

1. d4 d5 2. c4 e6 3. Nf3 Nf6 4. Nc3 Nbd7 5. Bg5 c6 6. e3 Be7 7. Bd3 dxc4 8. Bxc4 b5 9. Bd3 0-0 10. 0-0 Bb7 11. Rc1 a6 12. Re1 c5 13. Bb1 c4 14. a3 g6 15. Qe2 Nd5 16. Bxe7 Qxe7 17. e4 Nxc3 18. Rxc3 Nf6 19. Rcc1 Rac8 20. Qd2 Rfd8 21. Qe3 Qf8 22. h3 Qg7 23. Kh2 Ne8 24. g4 Nf6 25. Qf4 Nd7 26. h4 Qf6 27. Qe3 e5 28. d5 Qe7 29. Kh3 Nc5 30. Qh6 Qf6 31. Qe3 Nb3 32. Rcd1 Qe7 33. h5 Rd6 34. Rg1 Kh8 35. Qc3 Re8 36. Qe3 Rg8 37. Bc2 gxh5 38. gxh5 Bc8+ 39. Kh2 Bg4 40. Bxb3 cxb3 41. Rg3 Bxh5 42. Rxg8+ Kxg8 43. Rg1+ Bg6 44. Rg5 f6 45. Rg4 Qd7 46. Rg3 Kh8 47. Nh4 f5 48. Qh6 Qf7 49. Nxg6+ Rxg6 50. Rxg6 Qxg6 1-0

[Event "Adelaide Interclub-A"]
[Site "Adelaide"]
[Date "2009.06.09"]
[Round "6.3"]
[White "Lidums, Aivars"]
[Black "Saint, Andrew"]
[Result "1/2-1/2"]
[WhiteElo "1566"]
[BlackElo "1743"]
[PlyCount "51"]
[EventDate "2009.05.05"]
[EventType "team-tourn"]
[EventRounds "9"]
[EventCountry "AUS"]
[SourceTitle "EXT 2023"]
[Source "ChessBase"]
[SourceDate "2022.10.05"]
[SourceVersion "1"]
[SourceVersionDate "2022.10.05"]
[SourceQuality "1"]

1. c4 f5 2. d4 Nf6 3. Nc3 g6 4. Nf3 Bg7 5. Bf4 d6 6. Qb3 c6 7. Rd1 Qb6 8. e3 Qxb3 9. axb3 Na6 10. Bd3 Nb4 11. 0-0 0-0 12. Rfe1 d5 13. h3 h6 14. Bb1 g5 15. Be5 Ne4 16. Bxg7 Kxg7 17. Re2 b6 18. Nxe4 fxe4 19. Ne5 h5 20. Kh2 g4 21. Rf1 Bf5 22. Ree1 Rac8 23. f3 exf3 24. Bxf5 Rxf5 25. gxf3 Rcf8 26. f4 1/2-1/2

[Event "Adelaide Interclub-A"]
[Site "Adelaide"]
[Date "2009.05.12"]
[Round "2.4"]
[White "Lidums, Aivars"]
[Black "Hill, Steven"]
[Result "1-0"]
[WhiteElo "1566"]
[BlackElo "1376"]
[PlyCount "81"]
[EventDate "2009.05.05"]
[EventType "team-tourn"]
[EventRounds "9"]
[EventCountry "AUS"]
[SourceTitle "EXT 2023"]
[Source "ChessBase"]
[SourceDate "2022.10.05"]
[SourceVersion "1"]
[SourceVersionDate "2022.10.05"]
[SourceQuality "1"]

1. c4 Nf6 2. Nc3 e6 3. d4 Bb4 4. Qc2 c5 5. Nf3 Nc6 6. dxc5 Bxc5 7. a3 Nd4 8. Nxd4 Bxd4 9. e3 Bc5 10. b4 Be7 11. Be2 0-0 12. 0-0 b6 13. Bf3 Rb8 14. e4 d6 15. Rd1 a6 16. e5 Ne8 17. exd6 Bf6 18. c5 Bd7 19. Be3 Rc8 20. Bb7 Rb8 21. Bxa6 b5 22. Ra2 Bxc3 23. Qxc3 Bc6 24. Qd3 Qd7 25. a4 Qa7 26. axb5 Bxb5 27. Qa3 Qd7 28. Bxb5 Qxb5 29. Rb1 Nf6 30. Qa6 Nd5 31. Qxb5 Rxb5 32. Bd2 Rd8 33. h3 Kf8 34. Ra5 Rdb8 35. Rxb5 Rxb5 36. c6 Ke8 37. Ra1 Rb8 38. b5 Kd8 39. c7+ Nxc7 40. dxc7+ Kxc7 41. Bf4+ 1-0

[Event "Adelaide Interclub-A"]
[Site "Adelaide"]
[Date "2008.06.17"]
[Round "8.4"]
[White "Turcaj, Pavel"]
[Black "Lidums, Aivars"]
[Result "1-0"]
[WhiteElo "1566"]
[BlackElo "1583"]
[PlyCount "91"]
[EventDate "2008.04.29"]
[EventType "tourn"]
[EventRounds "9"]
[EventCountry "AUS"]
[SourceTitle "EXT 2010"]
[Source "ChessBase"]
[SourceDate "2010.11.25"]
[SourceVersion "1"]
[SourceVersionDate "2010.11.25"]
[SourceQuality "1"]

1. e4 c5 2. Nf3 Nc6 3. d4 cxd4 4. Nxd4 Nf6 5. Nc3 e5 6. Nf3 Bb4 7. Bd3 0-0 8. 0-0 h6 9. Nd5 Bc5 10. a3 a6 11. b4 Ba7 12. Bb2 d6 13. c4 Bg4 14. h3 Bxf3 15. Qxf3 Bd4 16. Bxd4 Nxd4 17. Nxf6+ Qxf6 18. Qxf6 gxf6 19. f4 Kg7 20. f5 Kh7 21. Kf2 Rg8 22. Rab1 Rg5 23. c5 Rag8 24. Rg1 Rg3 25. Bc4 Rc3 26. Bxf7 Rc2+ 27. Kf1 Rd8 28. g4 dxc5 29. bxc5 Rxc5 30. Rxb7 Nf3 31. Bd5+ Kh8 32. Rg3 Nd2+ 33. Ke1 Rc2 34. Rd3 Nc4 35. Bxc4 Rc1+ 36. Kd2 Rxd3+ 37. Kxd3 Ra1 38. Rb3 Rh1 39. Kd2 a5 40. a4 Rh2+ 41. Be2 Rh1 42. Rb5 Rxh3 43. Rxa5 Ra3 44. Ra7 Rb3 45. a5 Rb4 46. Bd3 1-0

[Event "Adelaide Interclub-A"]
[Site "Adelaide"]
[Date "2008.06.10"]
[Round "7.3"]
[White "Lang, Grahame"]
[Black "Lidums, Aivars"]
[Result "1/2-1/2"]
[WhiteElo "1703"]
[BlackElo "1583"]
[PlyCount "60"]
[EventDate "2008.04.29"]
[EventType "tourn"]
[EventRounds "9"]
[EventCountry "AUS"]
[SourceTitle "EXT 2010"]
[Source "ChessBase"]
[SourceDate "2010.11.25"]
[SourceVersion "1"]
[SourceVersionDate "2010.11.25"]
[SourceQuality "1"]

1. e4 c5 2. Nf3 Nc6 3. d4 cxd4 4. c3 Nf6 5. e5 Nd5 6. cxd4 d6 7. Bc4 e6 8. 0-0 Nb6 9. Bb3 d5 10. Nc3 Be7 11. a3 0-0 12. Qd3 f5 13. exf6 Bxf6 14. Bc2 g6 15. Bh6 Bg7 16. Bxg7 Kxg7 17. Ne2 Nc4 18. b3 Nd6 19. Rad1 Qf6 20. Ng3 Kh8 21. Qd2 Bd7 22. Rfe1 Rac8 23. Bb1 Nb5 24. a4 Nd6 25. h4 Qf4 26. h5 Kg7 27. hxg6 hxg6 28. Qd3 Qh6 29. Qe3 Nf5 30. Nxf5+ gxf5 1/2-1/2

[Event "Adelaide Interclub-A"]
[Site "Adelaide"]
[Date "2008.05.27"]
[Round "5.3"]
[White "Miletic, Savo"]
[Black "Lidums, Aivars"]
[Result "0-1"]
[WhiteElo "1533"]
[BlackElo "1583"]
[PlyCount "92"]
[EventDate "2008.04.29"]
[EventType "tourn"]
[EventRounds "9"]
[EventCountry "AUS"]
[SourceTitle "EXT 2010"]
[Source "ChessBase"]
[SourceDate "2010.11.25"]
[SourceVersion "1"]
[SourceVersionDate "2010.11.25"]
[SourceQuality "1"]

1. d4 Nf6 2. Nf3 e6 3. c3 b6 4. Bf4 Bb7 5. Nbd2 Be7 6. Qc2 d5 7. e3 0-0 8. Bd3 h6 9. h3 c5 10. g4 c4 11. Be2 Nh7 12. Ne5 Nc6 13. Bf3 b5 14. Rg1 b4 15. Nxc6 Bxc6 16. Nxc4 bxc3 17. bxc3 Rc8 18. Nb2 Bb5 19. Qd2 Qa5 20. Nd1 Rc6 21. Be2 Ba4 22. Rc1 Bxd1 23. Bxd1 Rfc8 24. Kf1 Rxc3 25. Rxc3 Qxc3 26. Qxc3 Rxc3 27. Bb3 Nf8 28. Ke2 Nd7 29. g5 hxg5 30. Rxg5 Bxg5 31. Bxg5 f6 32. Bf4 Kf7 33. Bd6 Kg6 34. Kd2 Rc6 35. Bg3 Nb6 36. Bb8 a5 37. Ba7 Kh5 38. f3 Kh4 39. e4 Kxh3 40. Kd3 Kg3 41. Bxb6 dxe4+ 42. fxe4 Rxb6 43. d5 exd5 44. exd5 Kf4 45. Kd4 Rd6 46. a4 g5 0-1

[Event "Adelaide Interclub-A"]
[Site "Adelaide"]
[Date "2008.05.13"]
[Round "3.3"]
[White "Lidums, Aivars"]
[Black "Cooke, Tristrom"]
[Result "1/2-1/2"]
[WhiteElo "1583"]
[BlackElo "1558"]
[PlyCount "61"]
[EventDate "2008.04.29"]
[EventType "tourn"]
[EventRounds "9"]
[EventCountry "AUS"]
[SourceTitle "EXT 2010"]
[Source "ChessBase"]
[SourceDate "2010.11.25"]
[SourceVersion "1"]
[SourceVersionDate "2010.11.25"]
[SourceQuality "1"]

1. d4 d5 2. c4 c6 3. Nc3 dxc4 4. a4 Nf6 5. e3 Bf5 6. Bxc4 e6 7. Nf3 Be7 8. 0-0 Nbd7 9. Re1 Nb6 10. Ba2 Bg4 11. e4 Bxf3 12. gxf3 0-0 13. Be3 Nh5 14. Kh1 Kh8 15. f4 g6 16. Ne2 Qd7 17. Ng3 Nxg3+ 18. fxg3 f5 19. Qc2 Bf6 20. Rad1 Rac8 21. a5 Na8 22. Bf2 Nc7 23. Re2 Rfe8 24. Bc4 a6 25. Qa4 Rcd8 26. Ba2 c5 27. Qxd7 Rxd7 28. e5 Be7 29. Red2 Red8 30. Rc2 cxd4 31. Rxd4 1/2-1/2

[Event "Adelaide Interclub"]
[Site "Adelaide"]
[Date "2004.??.??"]
[Round "1"]
[White "Cooke, Tristrom"]
[Black "Lidums, Aivars"]
[Result "0-1"]
[WhiteElo "1650"]
[BlackElo "1730"]
[PlyCount "62"]
[EventDate "2004.??.??"]
[EventType "team-tourn"]
[EventRounds "9"]
[EventCountry "AUS"]
[SourceTitle "EXT 2007"]
[Source "ChessBase"]
[SourceDate "2006.11.23"]
[SourceVersion "1"]
[SourceVersionDate "2006.11.23"]
[SourceQuality "1"]

1. e4 c5 2. Bc4 e6 3. Nf3 a6 4. d3 b5 5. Bb3 Bb7 6. Bf4 Nc6 7. 0-0 d6 8. Nbd2 Nf6 9. a4 Be7 10. axb5 axb5 11. c3 0-0 12. d4 cxd4 13. Nxd4 Nxd4 14. cxd4 Rxa1 15. Qxa1 Nxe4 16. Nxe4 Bxe4 17. Qd1 Bg5 18. Qg4 Bxf4 19. Qxf4 d5 20. Qd2 Qb8 21. Ra1 Rc8 22. f3 Bg6 23. g3 h6 24. Kf2 Rc7 25. f4 Qc8 26. Ke3 Bc2 27. Ra3 Be4 28. Ra1 Rc6 29. Qb4 Rc1 30. Ra5 Rf1 31. Qd2 Rf3+ 0-1

[Event "Adelaide Interclub-A"]
[Site "Adelaide"]
[Date "2002.05.22"]
[Round "3.3"]
[White "Thiyagarajah, Anand"]
[Black "Lidums, Aivars"]
[Result "1/2-1/2"]
[WhiteElo "1552"]
[BlackElo "1729"]
[PlyCount "57"]
[EventDate "2002.05.07"]
[EventType "team-tourn"]
[EventRounds "9"]
[EventCountry "AUS"]
[SourceTitle "EXT 2023"]
[Source "ChessBase"]
[SourceDate "2022.10.05"]
[SourceVersion "1"]
[SourceVersionDate "2022.10.05"]
[SourceQuality "1"]

1. e4 c5 2. Nf3 Nc6 3. d4 cxd4 4. Nxd4 e6 5. Nc3 a6 6. f4 d6 7. Be3 Nge7 8. g4 Nxd4 9. Bxd4 Nc6 10. Be3 Be7 11. Qf3 Bh4+ 12. Ke2 Be7 13. Bh3 b5 14. a3 Qc7 15. g5 Bb7 16. f5 Ne5 17. Qf4 0-0 18. f6 Ng6 19. Qf2 Bd8 20. Bg2 Ne5 21. Qf4 Ng6 22. Qf2 d5 23. h4 dxe4 24. Ke1 Qc4 25. Rd1 Ba5 26. fxg7 Bxc3+ 27. bxc3 Qxc3+ 28. Rd2 Qxg7 29. Rd7 1/2-1/2